Библиография Победы

“Убежден: опыт солидарности, партнерства в годы борьбы с общей угрозой — это наше бесценное наследие, прочная опора именно сейчас, когда набирает силу необратимое движение к более справедливому многополярному миру, основанному на принципах доверия и неделимой безопасности, равных возможностей для самобытного и свободного развития всех стран и народов.”

В.В. Путин

1945 г. [Репертуар (Запись № 66698)

Подробности
000 -МАРКЕР
контрольное поле 05770nam0a2200493 4500
001 - ИДЕНТИФИКАТОР ЗАПИСИ
контрольное поле RU\NLR\BIBL_A\011958991
005 - ИДЕНТИФИКАТОР ВЕРСИИ
контрольное поле 20250809113238.0
020 ## - НОМЕР ДОКУМЕНТА В НАЦИОНАЛЬНОЙ БИБЛИОГРАФИИ
Код страны российская федерация
Основное заглавие издания Российской книжной палаты Ленинград в Великой Отечественной войне. Коллекция. Афиши
035 ## - ДРУГИЕ СИСТЕМНЫЕ НОМЕРА
Идентификатор записи (NLR Aleph) 011958991
100 ## - ДАННЫЕ ОБЩЕЙ ОБРАБОТКИ
Данные общей обработки 20190222d1945 u y0rusy50 ca
101 0# - ЯЗЫК РЕСУРСА
Язык текста, звукозаписи и т.д. русский
102 ## - СТРАНА ПУБЛИКАЦИИ ИЛИ ПРОИЗВОДСТВА
Страна публикации российская федерация
105 ## - ПОЛЕ КОДИРОВАННЫХ ДАННЫХ: ТЕКСТОВЫЕ МАТЕРИАЛЫ, МОНОГРАФИЧЕСКИЕ
Кодированные данные о монографическом текстовом документе a z 000zy
135 ## - ПОЛЕ КОДИРОВАННЫХ ДАННЫХ: ЭЛЕКТРОННЫЕ РЕСУРСЫ
Кодированные данные для электронного ресурса crcn 024anaba
200 1# - ЗАГЛАВИЕ И СВЕДЕНИЯ ОБ ОТВЕТСТВЕННОСТИ
Основное заглавие 1945 г. [Репертуар
Сведения, относящиеся к заглавию афиша]
Первые сведения об ответственности Управление по Делам Искусств при Исполкоме Ленгорсовета, Ленинградский государственный Театр Кукол
210 ## - ПУБЛИКАЦИЯ, РАСПРОСТРАНЕНИЕ И ДР.
Место издания, распространения и т.д. [Ленинград]
Имя издателя, распространителя и т. д. ТЛ-4
Дата издания, распространения и т.д. 1945
215 ## - ФИЗИЧЕСКАЯ ХАРАКТЕРИСТИКА
Специфическое обозначение материала и объем 1 л.
Другие сведения о физической характеристике цв. ил.
Размеры 40x54
300 ## - ОБЩИЕ ПРИМЕЧАНИЯ
Текст примечания Начало спектаклей: в 4 ч., в воскресенье в 11 ч., 2 ч. 30 м. и в 6 ч. веч. Билеты продаются в кассе театра (Некрасова, 10), ежедн. кроме понедельн. с 12 до 2 и с 3 до 6 ч. Принимаются заявки на коллективное посещение театра
300 ## - ОБЩИЕ ПРИМЕЧАНИЯ
Текст примечания Зак. 480
325 ## - ПРИМЕЧАНИЕ О КОПИИ
Текст примечания Копия доступна в Электрон. б-ке РНБ
327 ## - ПРИМЕЧАНИЯ О СОДЕРЖАНИИ
Текст примечания 16 марта Пятница. Илья Муромец. Автор Карнаухова И.В. и Туберовский М.Д. Композитор Пейсин А.Я. Постановщик Шапиро С.Н. Художник Григорьев М.А. Начало в 4 ч. 17 марта Суббота. Каштанка. Автор Браусевич Л.Т. Композитор Дешевов В.М. Постановщик Шапиро С.Н. Художник Рыков А.В. Начало в 4 ч. 18 марта Воскрес. По щучьему велению. Автор Тараховская. Постановщик Деммени Е.С. Композитор Гельфман М.Я. Художник и скульптор Павлович И.П. Начало в 11 ч. 18 марта Воскрес. По щучьему велению. Автор Тараховская. Постановщик Деммени Е.С. Композитор Гельфман М.Я. Художник и скульптор Павлович И.П. Начало в 2 ч. 30 м. и 6 ч. 20 марта Вторник. Илья Муромец. Автор Карнаухова И.В. и Туберовский М.Д. Композит. Пейсин А.Я. Постановщик Шапиро С.Н. Художник Григорьев М.А. Начало в 4 ч. 21 марта Среда. Каштанка. Автор Браусевич Л.Т. Композитор Дешевов В.М. Постановщик Шапиро С.Н. Художник Рыков А.В. Начало в 4 ч. 22 марта Четверг. Илья Муромец. Автор Карнаухова И.В. и Туберовский М.Д. Композит. Пейсин А.Я. Постановщик Шапиро С.Н. Художник Григорьев М.А. Начало в 4 ч.
327 1# - ПРИМЕЧАНИЯ О СОДЕРЖАНИИ
Текст примечания 23 марта Пятница. Шелковая кисточка и Цирк. Автор Карнаухова И.В. Постановщик Шапиро С.Н. Художник Григорьев М.А. Скульптор Константиновская Н.Н. Композитор Локшин А.Л. Начало в 4 ч. 24 марта Суббота. Каштанка. Автор Браусевич Л.Т. Композитор Дешевов В.М. Постановщик Шапиро С.Н. Художник Рыков А.В. Начало в 4 ч. 25 марта Воскрес. Каштанка. Автор Браусевич Л.Т. Композитор Дешевов В.М. Постановщик Шапиро С.Н. Художник Рыков А.В. Начало в 11 ч., 2 ч. 30 м. и 6 ч. 27 марта Вторник. Каштанка. Автор Браусевич Л.Т. Композитор Дешевов В.М. Постановщик Шапиро С.Н. Художник Рыков А.В. Начало в 4 ч. 28, 29, 30 и 31. О спектаклях будет объявлено особо. В спектаклях участвуют: Альперович И.С., Беляков В.Г., Белякова Т.С. [и др.]. Художественный руководитель театра Шапиро С.Н.
606 1# - НАИМЕНОВАНИЕ ТЕМЫ КАК ПРЕДМЕТ
Наименование темы Театральная жизнь
Географический подзаголовок Ленинград, город
Хронологический подзаголовок 1941 - 1944
Формальный подзаголовок Афиши
Код системы nlr_sh2
Идентификатор авторитетной/нормативной записи RU\NLR\AUTH\6601649837
686 ## - ИНДЕКСЫ ДРУГИХ КЛАССИФИКАЦИЙ
Индекс Щ333(2Р=Рус)7-692Ленинград
710 02 - НАИМЕНОВАНИЕ ОРГАНИЗАЦИИ - ПЕРВИЧНАЯ ОТВЕТСТВЕННОСТЬ
Начальный элемент ввода Ленинградский театр кукол
Идентификатор авторитетной/нормативной записи RU\NLR\AUTH\889922815
852 ## - МЕСТОНАХОЖДЕНИЕ И ШИФР ХРАНЕНИЯ
Идентификатор организации NLR
Шифр хранения (Call Number) Л3-330а/27/2/1945-март(3)
856 #0 - МЕСТОНАХОЖДЕНИЕ ЭЛЕКТРОННЫХ РЕСУРОВ И ДОСТУП К НИМ
Универсальный идентификатор ресурса (Uniform Resource Identifier) http://vivaldi.nlr.ru/la700000026/view
856 #1 - МЕСТОНАХОЖДЕНИЕ ЭЛЕКТРОННЫХ РЕСУРОВ И ДОСТУП К НИМ
Универсальный идентификатор ресурса (Uniform Resource Identifier) http://vivaldi.nlr.ru/la700000026/cover
856 #2 - МЕСТОНАХОЖДЕНИЕ ЭЛЕКТРОННЫХ РЕСУРОВ И ДОСТУП К НИМ
Универсальный идентификатор ресурса (Uniform Resource Identifier) http://vivaldi.nlr.ru/la700000026/text
942 ## - ДОПОЛНИТЕЛЬНЫЕ ЭЛЕМЕНТЫ ЗАПИСИ (АБИС)
Тип экземпляра АБИС Визуальный материал
945 ## - Информацию об издании предоставили:
Полное название организации, предоставившей материал Российская национальная библиотека
980 ## - КОЛЛЕКЦИЯ
Название коллекции Национальная библиография
980 ## - КОЛЛЕКЦИЯ
Название коллекции Библиография Победы
980 3# - КОЛЛЕКЦИЯ
Название коллекции КП2019 Ленинград в Великой Отечественной войне
980 3# - КОЛЛЕКЦИЯ
Название коллекции Книжные памятники РНБ
981 37 - КОЛЛЕКЦИЯ ЭЛЕКТРОННОЙ БИБЛИОТЕКИ
Название коллекции Ленинград в Великой Отечественной войне
Название подколлекции Афиши блокадного Ленинграда

Нет доступных экземпляров.